[Event "Marburg op"]
[Site "Marburg"]
[Date "2024.10.27"]
[Round "6"]
[White "Helm, Timo"]
[Black "Bahlo, Jens"]
[Result "1-0"]
[WhiteElo "2099"]
[BlackElo "1899"]
[PlyCount "71"]
[EventDate "2024.10.24"]
[EventType "swiss"]
[EventRounds "7"]
[EventCountry "GER"]
[SourceTitle "CB16_2025"]
[SourceDate "2025.04.16"]
[SourceVersion "1"]
[SourceVersionDate "2025.04.16"]
[SourceQuality "1"]

1. e4 c6 2. d4 d5 3. Nc3 dxe4 4. Nxe4 Nf6 5. Ng3 h5 6. h4 c5 7. Nf3 Nc6 8. Be3 Ng4 9. d5 Nxe3 10. fxe3 Qc7 11. Kf2 Nd8 12. Bb5+ Bd7 13. Qe2 g6 14. e4 Bg7 15. e5 0-0 16. Bxd7 Qxd7 17. Rad1 b6 18. Rhe1 Nb7 19. Kg1 Qg4 20. Qf2 f6 21. Re4 Qd7 22. Qd2 Rad8 23. c4 fxe5 24. Nxe5 Qd6 25. Qg5 Kh7 26. Rde1 Qf6 27. Nf3 Nd6 28. Re6 Qxg5 29. Nxg5+ Kg8 30. Rxg6 Rf6 31. Re6 Rxg6 32. Rxg6 Rf8 33. Nxh5 Nf5 34. Nxg7 Nxg7 35. Rxg7+ Kxg7 36. Ne6+ 1-0

[Event "Marburg op"]
[Site "Marburg"]
[Date "2024.10.25"]
[Round "2"]
[White "Helm, Timo"]
[Black "Gross, Heinrich2"]
[Result "1-0"]
[WhiteElo "2099"]
[BlackElo "1926"]
[PlyCount "55"]
[EventDate "2024.10.24"]
[EventType "swiss"]
[EventRounds "7"]
[EventCountry "GER"]
[SourceTitle "CB16_2025"]
[SourceDate "2025.04.16"]
[SourceVersion "1"]
[SourceVersionDate "2025.04.16"]
[SourceQuality "1"]

1. e4 c6 2. d4 d5 3. Nc3 dxe4 4. Nxe4 Bf5 5. Ng3 Bg6 6. Nh3 e6 7. Nf4 Bd6 8. c3 Bxf4 9. Bxf4 Nf6 10. Bd3 Bxd3 11. Qxd3 0-0 12. 0-0 Nbd7 13. Rfe1 Re8 14. Rad1 Qa5 15. a3 Rad8 16. Nf1 c5 17. b4 cxb4 18. axb4 Qh5 19. Ra1 a6 20. Ra5 Qg6 21. Qe2 Nd5 22. Bd2 Nc7 23. Rg5 Qf6 24. Ng3 g6 25. Ne4 Qe7 26. Bf4 Nd5 27. Bd6 Nxc3 28. Qf3 1-0

[Event "Arber op 10th"]
[Site "Bodenmais"]
[Date "2023.08.07"]
[Round "3"]
[White "Hoehfeld, Markus"]
[Black "Helm, Timo"]
[Result "0-1"]
[WhiteElo "1803"]
[BlackElo "2068"]
[PlyCount "68"]
[EventDate "2023.08.05"]
[EventType "swiss"]
[EventRounds "9"]
[EventCountry "GER"]
[SourceTitle "EXT 2024"]
[Source "ChessBase"]
[SourceDate "2023.10.10"]
[SourceVersion "1"]
[SourceVersionDate "2023.10.10"]
[SourceQuality "1"]

1. d4 d5 2. Nf3 Nf6 3. e3 Bg4 4. c4 c6 5. h3 Bh5 6. cxd5 cxd5 7. Nc3 e6 8. g4 Bg6 9. Ne5 Bd6 10. h4 h6 11. Nxg6 fxg6 12. Bd3 Nc6 13. Bxg6+ Ke7 14. Bd2 Qb6 15. 0-0 Raf8 16. Qe2 a6 17. f3 Kd7 18. Na4 Qa7 19. Rac1 Nxd4 20. exd4 Qxd4+ 21. Qe3 Qxa4 22. Rfe1 e5 23. Qb6 Nxg4 24. Qxb7+ Ke6 25. b4 Rxf3 26. Rf1 Rhf8 27. Rxf3 Rxf3 28. Qc8+ Qd7 29. Qg8+ Kf6 30. Be8 Rg3+ 31. Kf1 Qf5+ 32. Ke1 Rg1+ 33. Ke2 Qe4+ 34. Be3 Qxe3# 0-1

[Event "Mittelfrank Regionalliga Nord-West 2223"]
[Site "Mittelfranken"]
[Date "2022.10.23"]
[Round "2.2"]
[White "Helm, Timo"]
[Black "Frey, Michael"]
[Result "1-0"]
[WhiteElo "2123"]
[BlackElo "2085"]
[PlyCount "83"]
[EventDate "2022.10.09"]
[EventType "team-tourn"]
[EventRounds "9"]
[EventCountry "GER"]
[SourceTitle "EXT 2024"]
[Source "ChessBase"]
[SourceDate "2023.10.10"]
[SourceVersion "1"]
[SourceVersionDate "2023.10.10"]
[SourceQuality "1"]
[WhiteTeam "Bad Neustadt"]
[BlackTeam "Aschaffenburg"]
[WhiteTeamCountry "GER"]
[BlackTeamCountry "GER"]

1. e4 c5 2. Nc3 g6 3. f4 Bg7 4. Nf3 Nc6 5. Bb5 Nd4 6. Bd3 Nf6 7. Nxd4 cxd4 8. Ne2 0-0 9. e5 Nd5 10. Be4 Nb4 11. Nxd4 d6 12. c3 dxe5 13. fxe5 Qc7 14. Nf3 Nc6 15. d4 f6 16. exf6 Rxf6 17. 0-0 Bg4 18. Bg5 Rff8 19. Qb3+ Kh8 20. Rae1 Rae8 21. Bh4 Bxf3 22. Rxf3 e5 23. Bg3 Na5 24. Qb5 Nc4 25. Rxf8+ Rxf8 26. Bd3 Nd6 27. Qd5 Nf7 28. Rf1 Qe7 29. Bc4 exd4 30. Rxf7 Qe3+ 31. Bf2 Qc1+ 32. Bf1 Rxf7 33. Qxf7 h6 34. cxd4 Qxb2 35. Qxg6 Qxa2 36. Qe8+ Qg8 37. Qxg8+ Kxg8 38. d5 a6 39. Bc5 Kf7 40. Bd3 Ke8 41. Bf5 Bf6 42. Bc8 1-0

[Event "Mittelfrank Regionalliga Nord-West 2122"]
[Site "Mittelfranken"]
[Date "2022.04.03"]
[Round "7.3"]
[White "Helm, Timo"]
[Black "Stierhof, Michael"]
[Result "1/2-1/2"]
[WhiteElo "2088"]
[BlackElo "2068"]
[PlyCount "107"]
[EventDate "2021.10.24"]
[EventType "team-tourn"]
[EventRounds "9"]
[EventCountry "GER"]
[SourceTitle "EXT 2024"]
[Source "ChessBase"]
[SourceDate "2023.10.10"]
[SourceVersion "1"]
[SourceVersionDate "2023.10.10"]
[SourceQuality "1"]
[WhiteTeam "Bad Neustadt"]
[BlackTeam "Bamberg II"]
[WhiteTeamCountry "GER"]
[BlackTeamCountry "GER"]

1. e4 c6 2. d4 d5 3. Nc3 dxe4 4. f3 exf3 5. Nxf3 Nf6 6. Bc4 e6 7. 0-0 Nbd7 8. Bg5 Be7 9. Qe2 h6 10. Bd2 Nd5 11. Rae1 N7f6 12. Ne4 Nxe4 13. Qxe4 Nf6 14. Qd3 Bd7 15. c3 b5 16. Bb3 c5 17. Bc2 Qb6 18. Ne5 Rd8 19. Qg3 Kf8 20. d5 Bc8 21. Nc6 Nxd5 22. Nxd8 Bxd8 23. Qf2 Bf6 24. Be4 c4 25. Qxb6 axb6 26. Re2 b4 27. Rf3 Bb7 28. Be1 bxc3 29. Bxc3 Nxc3 30. bxc3 Bxe4 31. Rxe4 b5 32. a4 bxa4 33. Rxc4 Ke7 34. Rxa4 Rc8 35. c4 Bd4+ 36. Kf1 e5 37. Ke2 Rc6 38. Rb4 Ke6 39. Kd3 f5 40. Rf1 Ra6 41. Rc1 Ra3+ 42. Kc2 e4 43. Rd1 Ra2+ 44. Kb3 Rb2+ 45. Ka3 Rxb4 46. Kxb4 e3 47. Rc1 Ke5 48. c5 Ke4 49. c6 Be5 50. c7 Bxc7 51. Rxc7 Kd3 52. Rd7+ Kc2 53. Rxg7 e2 54. Re7 1/2-1/2

[Event "Mittelfrank Regionalliga Nord-West 2122"]
[Site "Mittelfranken"]
[Date "2021.10.24"]
[Round "1.3"]
[White "Kopp, Andre"]
[Black "Helm, Timo"]
[Result "1-0"]
[WhiteElo "2112"]
[BlackElo "2088"]
[PlyCount "51"]
[EventDate "2021.10.24"]
[EventType "team-tourn"]
[EventRounds "9"]
[EventCountry "GER"]
[SourceTitle "EXT 2024"]
[Source "ChessBase"]
[SourceDate "2023.10.10"]
[SourceVersion "1"]
[SourceVersionDate "2023.10.10"]
[SourceQuality "1"]
[WhiteTeam "Marktleuthen"]
[BlackTeam "Bad Neustadt"]
[WhiteTeamCountry "GER"]
[BlackTeamCountry "GER"]

1. d4 d5 2. Nf3 Nf6 3. Bf4 Bf5 4. e3 e6 5. Bd3 Ne4 6. 0-0 Bd6 7. Bxd6 Qxd6 8. Nfd2 Bg6 9. Bxe4 dxe4 10. Nc3 f5 11. Nc4 Qe7 12. f3 Bh5 13. g4 Qg5 14. Qe1 exf3 15. Rxf3 0-0 16. h4 Qh6 17. gxh5 Qxh5 18. Qf2 Nd7 19. Ne5 Nf6 20. Qg3 b5 21. Qg5 Qe8 22. Kh1 b4 23. Rg1 Nh5 24. Ne2 f4 25. Rxf4 Nxf4 26. Qxg7# 1-0

[Event "Schweinfurt op 29th"]
[Site "Schweinfurt"]
[Date "2019.06.23"]
[Round "7"]
[White "Helm, Timo"]
[Black "Dosch, Stefan"]
[Result "1/2-1/2"]
[WhiteElo "2109"]
[BlackElo "1782"]
[PlyCount "69"]
[EventDate "2019.06.20"]
[EventType "swiss"]
[EventRounds "7"]
[EventCountry "GER"]
[SourceTitle "CBM 191 Extra"]
[Source "ChessBase"]
[SourceDate "2019.09.30"]
[SourceVersion "1"]
[SourceVersionDate "2019.09.30"]
[SourceQuality "1"]

1. e4 e5 2. Bc4 Nf6 3. Nc3 Bc5 4. d3 d6 5. Bg5 c6 6. Qd2 h6 7. Bh4 Nxe4 8. Nxe4 Qxh4 9. b4 d5 10. Nxc5 dxc4 11. Nf3 Qe7 12. 0-0 b6 13. Ne4 cxd3 14. Qxd3 0-0 15. Qd6 Qxd6 16. Nxd6 f6 17. Nxc8 Rxc8 18. a4 Na6 19. c3 Rd8 20. Rfd1 Kf7 21. Kf1 Nc7 22. c4 Ne6 23. g3 c5 24. b5 Nd4 25. Nxd4 Rxd4 26. Rxd4 exd4 27. a5 Re8 28. axb6 axb6 29. Ra7+ Re7 30. Ra6 Re6 31. Ra7+ Kg6 32. Rc7 f5 33. Rc8 Kf6 34. Rf8+ Ke7 35. Rxf5 1/2-1/2

[Event "Schweinfurt op 26th"]
[Site "Schweinfurt"]
[Date "2016.05.27"]
[Round "3"]
[White "Voelker, Joachim"]
[Black "Helm, Timo"]
[Result "0-1"]
[WhiteElo "1777"]
[BlackElo "1969"]
[PlyCount "50"]
[EventDate "2016.05.26"]
[EventType "swiss"]
[EventRounds "7"]
[EventCountry "GER"]
[SourceTitle "CBM 172 Extra"]
[Source "ChessBase"]
[SourceDate "2016.06.21"]
[SourceVersion "1"]
[SourceVersionDate "2016.06.21"]
[SourceQuality "1"]

1. d4 e6 2. c4 f5 3. Nc3 Nf6 4. Nf3 Bb4 5. Bd2 b6 6. a3 Bxc3 7. Bxc3 Bb7 8. e3 0-0 9. Nd2 Ng4 10. Qe2 Na6 11. Nf3 Qe7 12. h3 Nf6 13. Nd2 d6 14. Rg1 e5 15. f4 Rfe8 16. fxe5 dxe5 17. dxe5 Ne4 18. Nxe4 Bxe4 19. b4 Rad8 20. Rd1 Qg5 21. Qf2 c5 22. Be2 cxb4 23. axb4 Qe7 24. b5 Nc5 25. Qg3 Rxd1+ 0-1

[Event "Unterfranken-ch HB 63th"]
[Site "Schweinfurt"]
[Date "2012.04.11"]
[Round "5"]
[White "Braun, Marcel"]
[Black "Helm, Timo"]
[Result "0-1"]
[WhiteElo "1018"]
[BlackElo "1575"]
[PlyCount "28"]
[EventDate "2012.04.09"]
[EventType "swiss"]
[EventRounds "9"]
[EventCountry "GER"]
[SourceTitle "EXT 2015"]
[Source "ChessBase"]
[SourceDate "2014.11.20"]
[SourceVersion "1"]
[SourceVersionDate "2014.11.20"]
[SourceQuality "1"]

1. e4 c6 2. d4 d5 3. e5 Bf5 4. Nf3 e6 5. b3 c5 6. Bb2 Nc6 7. c4 cxd4 8. Bxd4 Nxd4 9. Nxd4 Bxb1 10. Qxb1 Bb4+ 11. Kd1 dxc4 12. Bxc4 Qxd4+ 13. Ke2 Qxe5+ 14. Kf1 Bc3 0-1

[Event "Unterfranken-ch HB 63th"]
[Site "Schweinfurt"]
[Date "2012.04.10"]
[Round "3"]
[White "Falkenstein, Johannes"]
[Black "Helm, Timo"]
[Result "1/2-1/2"]
[WhiteElo "1523"]
[BlackElo "1575"]
[PlyCount "123"]
[EventDate "2012.04.09"]
[EventType "swiss"]
[EventRounds "9"]
[EventCountry "GER"]
[SourceTitle "EXT 2015"]
[Source "ChessBase"]
[SourceDate "2014.11.20"]
[SourceVersion "1"]
[SourceVersionDate "2014.11.20"]
[SourceQuality "1"]

1. d4 d5 2. Bf4 Bf5 3. c4 e6 4. e3 Bd6 5. Bxd6 Qxd6 6. Qa4+ c6 7. c5 Qc7 8. Nc3 Nf6 9. Nf3 Nbd7 10. b4 a6 11. b5 0-0 12. b6 Qb8 13. Nh4 Bg6 14. Nxg6 fxg6 15. f3 e5 16. Bd3 exd4 17. exd4 Qf4 18. Ne2 Nxc5 19. Nxf4 Nxa4 20. Rb1 Rfe8+ 21. Kd2 Nd7 22. Rb4 Naxb6 23. Rhb1 Re7 24. Rxb6 Nxb6 25. Rxb6 Rf8 26. Nh3 Rf6 27. Nf2 Rf4 28. Kc3 Rc7 29. Rb2 b5 30. Ng4 a5 31. a3 Rb7 32. Ne5 b4+ 33. axb4 axb4+ 34. Kd2 Rxd4 35. Nxc6 Rf4 36. Ke3 Rf6 37. Rxb4 Rxb4 38. Nxb4 Rd6 39. Kd4 Rb6 40. Nxd5 Rb2 41. Ne3 Kf7 42. Ke5 Ke7 43. Nd5+ Kd7 44. Ne3 Ke7 45. h4 Rb3 46. Nd5+ Kd7 47. Be4 Rb2 48. f4 Re2 49. Nb4 Re1 50. f5 gxf5 51. Kxf5 g6+ 52. Kf4 Ke6 53. Nd3 Rd1 54. Ne5 Rf1+ 55. Nf3 Kf6 56. Kg4 Rf2 57. Kg3 Re2 58. Bd5 h6 59. Bc4 Re4 60. Bd5 Rb4 61. Nh2 Kf5 62. Bf3 1/2-1/2

[Event "Unterfranken-ch HA 62th"]
[Site "Gerolzhofen"]
[Date "2011.04.26"]
[Round "2"]
[White "Ullrich, Robert"]
[Black "Helm, Timo"]
[Result "1/2-1/2"]
[WhiteElo "1534"]
[BlackElo "1549"]
[PlyCount "31"]
[EventDate "2011.04.25"]
[EventType "swiss"]
[EventRounds "9"]
[EventCountry "GER"]
[SourceTitle "EXT 2015"]
[Source "ChessBase"]
[SourceDate "2014.11.20"]
[SourceVersion "1"]
[SourceVersionDate "2014.11.20"]
[SourceQuality "1"]

1. c4 f5 2. d4 g6 3. b3 Bg7 4. Bb2 c5 5. Nf3 Nc6 6. e3 d6 7. g3 b6 8. Bg2 Bb7 9. Qc1 Nf6 10. Ng5 Qd7 11. d5 Nd8 12. 0-0 0-0 13. Nd2 h6 14. Nh3 e5 15. dxe6 Nxe6 16. Qc2 1/2-1/2